Pays du monde - Sprint de 2 minutes - Statistiques

Statistiques générales
  • Ce quiz a été pris 733 fois
  • Le résultat moyen est 47 sur 196
Réponses sur la Carte
Les réponses sont colorées sur une échelle allant du rouge au vert en fonction du pourcentage des utilisateurs qui les ont devinées à leur premier essai. Vous pouvez retrouver ces pourcentages ci-dessous.
 
Statistiques - réponses
Pays % Correct
France
92%
Canada
82%
Espagne
82%
Russie
82%
Chine
81%
Brésil
80%
Etats-Unis
77%
Italie
74%
Mexique
74%
Portugal
72%
Allemagne
67%
Algérie
64%
Inde
64%
Maroc
64%
Australie
63%
Argentine
62%
Chili
62%
Japon
60%
Suède
60%
Norvège
59%
Finlande
56%
Irlande
56%
Suisse
56%
Royaume-Uni
55%
Pérou
52%
Islande
51%
Tunisie
51%
Belgique
50%
Danemark
47%
Grèce
45%
Pologne
45%
Colombie
44%
Égypte
44%
Turquie
44%
Ukraine
39%
Estonie
38%
Mongolie
38%
République démocratique du Congo
38%
République du Congo
37%
Uruguay
37%
Lituanie
36%
Irak
35%
Iran
35%
Lettonie
35%
Pays-Bas
35%
Venezuela
35%
Afrique du Sud
34%
Bolivie
34%
Cuba
34%
Indonésie
34%
Paraguay
34%
Autriche
32%
Libye
32%
Mali
32%
Équateur
31%
Niger
30%
Roumanie
29%
Hongrie
28%
Yémen
28%
Monaco
27%
Andorre
26%
Albanie
25%
Corée du Sud
25%
Croatie
25%
Nigeria
25%
Oman
25%
Panama
25%
Togo
25%
Laos
24%
Madagascar
24%
Pakistan
24%
Slovaquie
24%
Slovénie
24%
Vatican
24%
Sénégal
23%
Malte
22%
Soudan
22%
Biélorussie
21%
Corée du Nord
21%
Israël
21%
Luxembourg
21%
Serbie
21%
Tchad
21%
Bosnie-Herzégovine
20%
Bulgarie
20%
Honduras
20%
Nouvelle-Zélande
20%
Suriname
20%
Costa Rica
19%
Guatemala
19%
Guyana
19%
Haïti
19%
Kazakhstan
19%
Qatar
19%
République tchèque
19%
Thaïlande
19%
Viêt Nam
19%
Bénin
18%
Chypre
18%
Kosovo
18%
Angola
17%
Arabie Saoudite
17%
Liban
17%
Namibie
17%
Saint-Marin
17%
Salvador
17%
Syrie
17%
Belize
16%
Émirats arabes unis
16%
Ghana
16%
Nicaragua
16%
Bahamas
15%
Jamaïque
15%
Malaisie
15%
Népal
15%
Guinée
14%
Somalie
14%
Jordanie
13%
Kenya
13%
Moldavie
13%
Monténégro
13%
Philippines
13%
Bahreïn
12%
Éthiopie
12%
Gabon
12%
Nauru
12%
Tonga
12%
Arménie
11%
Bhoutan
11%
Cambodge
11%
Fidji
11%
Grenade
11%
Koweït
11%
Lesotho
11%
Barbade
10%
Brunei
10%
Cap-Vert
10%
Comores
10%
Dominique
10%
Île Maurice
10%
Macédoine du Nord
10%
Palaos
10%
Tuvalu
10%
Afghanistan
9%
Cameroun
9%
Côte d'Ivoire
9%
Gambie
9%
Liechtenstein
9%
Mauritanie
9%
République dominicaine
9%
Samoa
9%
Sri Lanka
9%
Taïwan
9%
Kiribati
8%
Maldives
8%
Seychelles
8%
Tanzanie
8%
Vanuatu
8%
Zambie
8%
Birmanie
7%
Géorgie
7%
Mozambique
7%
Sainte-Lucie
7%
Salomon
7%
Singapour
7%
Soudan du Sud
7%
Antigua-et-Barbuda
6%
Bangladesh
6%
Eswatini
6%
Liberia
6%
Malawi
6%
Rwanda
6%
Saint-Vincent-et-les- Grenadines
6%
Sao Tomé-et-Principe
6%
Zimbabwe
6%
Botswana
5%
Djibouti
5%
Îles Marshall
5%
Kirghizistan
5%
Micronésie
5%
Ouzbékistan
5%
Papouasie-Nouvelle- Guinée
5%
République Centrafricaine
5%
Trinité-et-Tobago
5%
Azerbaïdjan
4%
Burkina Faso
4%
Burundi
4%
Érythrée
4%
Ouganda
4%
Saint-Christophe- et-Niévès
4%
Turkménistan
4%
Guinée équatoriale
3%
Guinée-Bissau
2%
Sierra Leone
2%
Tadjikistan
2%
Timor oriental
1%
Aucun quiz correspondant
Distribution des résultats
% des personnes avec chaque résultat
Percentile par nombre de réponses
Votre historique - résultats
Vous n’avez pas pris ce quiz